Le martyre de Saint Sebastien : mystere : 1911 /
Uloženo v:
| Hlavní autor: | |
|---|---|
| Médium: | Kniha |
| Jazyk: | francouzština |
| Vydáno: |
Milano :
A. Mondadori,
1957
|
| Edice: | Lo specchio. I poeti del nostro tempo
|
| Tagy: |
Žádné tagy, Buďte první, kdo vytvoří štítek k tomuto záznamu!
|
MARC
| LEADER | 00000nam a22000007i 4500 | ||
|---|---|---|---|
| 001 | IT\ICCU\TSA\0026720 | ||
| 003 | ItRI | ||
| 005 | 20250820230545.0 | ||
| 008 | 971209s1957 it |||||| ||||| |||||c | ||
| 040 | |b ita |c ct | ||
| 041 | 7 | |a fre |2 ISO-639-2 | |
| 100 | 1 | |a D'Annunzio, Gabriele |0 IT\ICCU\CFIV\000030 |4 aut | |
| 245 | 1 | 3 | |a Le martyre de Saint Sebastien : |b mystere : 1911 / |c Gabriele D'Annunzio. |
| 260 | |a Milano : |b A. Mondadori, |c 1957 | ||
| 300 | |a 231 p. ; |c 20 cm | ||
| 830 | 3 | |a Lo specchio. I poeti del nostro tempo |0 IT\ICCU\CFI\0001123 | |
| 942 | |2 ddc |c BK | ||
| 952 | |0 0 |1 0 |2 ddc |4 0 |6 B_LTR04DANGAMAR11 |7 1 |9 4900 |a MI |b MI |d 1987-07-16 |i 345 |l 0 |o B-LTR04-DANGA-MAR11 |p CDOM345 |r 2025-07-07 11:14:18 |w 2025-07-07 |x DONO |y BK | ||
| 952 | |0 0 |1 0 |2 ddc |4 0 |6 B_LTR04DANGAMAR12 |7 0 |9 4901 |a MI |b MI |d 1987-07-16 |i 346 |l 0 |o B-LTR04-DANGA-MAR12 |p CDOM346 |r 2025-07-07 11:14:18 |w 2025-07-07 |x DONO |y BK | ||
| 981 | 1 | |6 z01 |a i |b xxxe | |
| 982 | 1 | |6 z01 |a n | |
| 999 | |c 3855 |d 3855 | ||